|
|
|
|
| LEADER |
00000cam a2200000 7i4500 |
| 001 |
0000312794 |
| 005 |
20241025160904.0 |
| 007 |
t |
| 008 |
240214t20232023my o g #0000 may d |
| 020 |
|
|
|a 9789672174455
|
| 040 |
|
|
|a MBPJ
|b eng
|c MBPJ
|e rda
|
| 090 |
0 |
0 |
|a 959.5
|b AZL
|
| 100 |
0 |
|
|a Azlina Awang ,
|e author
|
| 245 |
1 |
0 |
|a PERISTIWA OKTOBER, NOVEMBER DAN DISEMBER
|c AZLINA AWANG
|
| 264 |
|
1 |
|a Johor, Malaysia :
|b SYABAS ILMU
|c [2023]
|
| 264 |
|
4 |
|c ©2023
|
| 300 |
|
|
|a 64 pages :
|b colour photographs ;
|c 26 cm.
|
| 336 |
|
|
|a text
|2 rdacontent
|
| 337 |
|
|
|a unmediated
|2 rdamedia
|
| 338 |
|
|
|a volume
|2 rdacarrier
|
| 490 |
0 |
|
|a Siri Almanak Sejarah Malaysia
|
| 650 |
|
0 |
|a Almanacs, Malaysian
|
| 651 |
|
0 |
|a Malaysia
|x History
|
| 651 |
|
0 |
|a Malaysia
|x Politic and government
|
| 651 |
|
0 |
|a Malaysia
|x Social conditions
|
| 830 |
|
0 |
|a Siri Almanak Sejarah Malaysia
|
| 999 |
|
|
|a 00410988
|b BUKU
|c MALAYSIANA
|e PERPUSTAKAAN KOMUNITI PETALING JAYA
|
| 999 |
|
|
|a 00413416
|b BUKU
|c MALAYSIANA
|e PERPUSTAKAAN KOMUNITI CAW KOTA DAMANSARA
|